000 01028nam0a2200289 4500
001 RU\NLR\bibl\113754
005 20250617093354.0
021 _aRU
_b2000-24810
_91174
035 _a(NLR Aleph) 000111364
090 _a631820
_c631820
100 _a20001019d2000 |||y0rusy50 ca
101 0 _arus
102 _aRU
105 _ay z |||||
200 1 _aО принципах коммунизма
_e(Соврем. прочтение Ф. Энгельса)
_fРичард Косолапов
_gОбщерос. обществ. орг. "Рос. ученые социалист. ориентации" (РУСО)
210 _aБ.м.
_cБылина
_d2000
215 _a56 с.
_d16
600 1 _aЭнгельс
_bФ.
_gФридрих
_2psbo
606 0 _aКоммунизм
_91369844
_3RU\NLR\auth\66573896
686 _aА7
700 1 _aКосолапов
_bР.
_gРичард
_4070
801 0 _aRU
_bNLR
_c20001019
_gPSBO
801 1 _aRU
_bNLR
_c20001019
852 _aNLR
_j2000-2/2069
942 _cBOOK
980 _aNB